000 00275nam a2200109Ia 4500
008 220204s9999 xx 000 0 und d
082 _bBOY
100 _aBoylestad
245 0 _aElectronic devices and circuit theory
260 _aNew Jersey
_bPrentice Hall
_c1982
942 _cBK
999 _c38952
_d38952